| 000 | 01278ngm a22003250a 4500 | ||
|---|---|---|---|
| 001 | PT16669 | ||
| 003 | AR-LpoUNG | ||
| 005 | 20210202000220.0 | ||
| 007 | vd cvaizq | ||
| 008 | 191001s1986||||ag |||||||||||||||||spa d | ||
| 037 | _c$8.30 | ||
| 040 |
_aAR-LpoUNG _bspa _cAR-LpoUNG _eaacr |
||
| 041 | _aspa | ||
| 044 | _aag | ||
| 082 | 0 | _a302.01 455mis | |
| 100 | 1 |
_aBemberg, María Luisa _edir. |
|
| 245 | 1 | 0 | _aMiss Mary |
| 260 |
_aSan Luis : _bAVH, _c1986. |
||
| 300 | _aVHS (100 min.) : son., col. | ||
| 505 | 0 | _aGuión: Jorge Goldenberg ; argumento: Beda Docampo Feijóo ; fotografía: Miguel Rodríguez. | |
| 520 | _aUna institutriz inglesa trabaja para una familia de la aristocracia oligárquica en la Argentina de 1938 a 1945. Los acontecimientos políticos del país se desarrollan en forma paralela a las vidas de los personajes. El nacimiento del peronismo y el inicio de la Segunda Guerra Mundial son los hecho históricos que se van intercalando con el despertar sexual de los hijos de la familia protagonista, que va hundiéndose en sus propias miserias. | ||
| 650 | 4 | _aARGENTINA | |
| 650 | 4 | _aFAMILIA | |
| 650 | 4 | _aMEDIO FAMILIAR | |
| 650 | 4 | _aPOLITICA FAMILIAR | |
| 650 | 4 | _aSOCIEDAD | |
| 653 | _aVIDEOS | ||
| 905 | _a16669 | ||
| 942 | _cVIDEO | ||
| 999 |
_c54362 _d54362 |
||